000 00578nam a2200229Ia 4500
003 OSt
005 20221005133312.0
006 a|||||r|||| 00| 0
007 ta
008 221004b |||||||| |||| 00| 0 eng d
024 _a38601
037 _cTextual
040 _aCRL
_cCRL
_beng
041 _2eng
_aeng
082 _aO:2N11:3, J1
100 _aRattigan Terence
_916670
245 0 _aWho is Sylvia? A light comedy
260 _c1951
650 _aENGLISH LITERATURE
942 _hO:2N11:3, J1
_cTEXL
_2cc
999 _c1066379
_d1066379